| 000 | 00899nam a22002297a 4500 | ||
|---|---|---|---|
| 003 | NALT | ||
| 005 | 20210922100354.0 | ||
| 008 | s2547 th tha d | ||
| 020 | _a9749672208 | ||
| 040 | _aNALT | ||
| 041 | _atha | ||
| 050 |
_aTK5105.5 _bภ368ร |
||
| 100 | 0 | _aธนิต แกล้วเดชศรี | |
| 245 | 1 | 0 | _aรอบรู้เรื่อง NETWORK บนวินโดวส์ |
| 260 | 3 |
_aกรุงเทพฯ : _bเอ.อาร์. อินฟอร์เมชั่น แอนด์ พับลิเคชั่น, _c2547 |
|
| 300 |
_a292 หน้า : _bภาพประกอบ ; _c24 ซม. |
||
| 650 | 0 | 4 | _aแลน (ข่ายงานเฉพาะที่) |
| 650 | 0 | 4 | _aเครือข่ายคอมพิวเตอร์ |
| 650 | 0 | 4 | _aเน็ตเวิร์ค |
| 850 | _aNALT | ||
| 942 |
_cGB _2lcc |
||
| 999 |
_c42577 _d42577 |
||
| 998 |
_j109 _k อารีรัตน์ วิชาช่าง |
||